Nová rozpočtová klasifikácia výňatok z príručky na zostavenie návrhu rozpočtu na rok 1999

Uplatňovanie rozpočtovej klasifikácie v štátnom rozpočte. Spôsob používania rozpočtovej klasifikácie. Zmeny a úpravy rozpočtovej klasifikácie pre rok 1999. Príl. č. 2 k Príručke na zostavenie návrhu rozpočtu na rok 1999. Schéma základného členenia rozpočtovej klasifikácie. Prehľad rozpočtových skupí...

Description complète

Enregistré dans:
Détails bibliographiques
Format: Chapitre de livre
Langue:slovaque
Sujets:
Tags: Ajouter un tag
Pas de tags, Soyez le premier à ajouter un tag!

MARC

LEADER 00000naa a2200000 4500
001 r034700
005 20230926080810.9
041 0 |a slo 
044 |a SK 
245 1 0 |a Nová rozpočtová klasifikácia  |b výňatok z príručky na zostavenie návrhu rozpočtu na rok 1999 
520 |a Uplatňovanie rozpočtovej klasifikácie v štátnom rozpočte. Spôsob používania rozpočtovej klasifikácie. Zmeny a úpravy rozpočtovej klasifikácie pre rok 1999. Príl. č. 2 k Príručke na zostavenie návrhu rozpočtu na rok 1999. Schéma základného členenia rozpočtovej klasifikácie. Prehľad rozpočtových skupín a rozpočtových oddielov. Prehľad hlavných kategórií a kategórií. Odvetvová klasifikácia. Ekonomická klasifikácia. Zoznam rozpočtových kapitol štátneho rozpočt SR. Zoznam štátnych fondov. Príl. č. 3: Orientačný prehľad neštandardných podpoložiek. 
610 2 0 |a rozpočtovanie 
610 2 0 |a rozpočet štátny 
610 2 0 |a pravidlá rozpočtové 
610 2 0 |a klasifikácia 
610 2 0 |a kategórie ekonomické 
610 2 0 |a OKEČ 
610 2 0 |a fondy účelové